000 00631cam a2200241 4500
001 J110632
008 000000n2000 000 0 eng u
035 _a(Sirsi) u110632
050 _a333.337
110 _aChesterton
_92357
245 _aResearch update - June 2000
260 _aLondon
_bChesterton
_c2000
300 _a12p. ; 30cm.
520 _aOverview of the property market
650 _aGDP
650 _aPROPERTY MARKET
650 _aRETAIL PROPERTY
650 _aRESIDENTIAL PROPERTY
_96266
650 _aOFFICES
650 _aINDUSTRIAL PROPERTY
690 _aPROPERTY-COMMERCIAL PROPERTY
942 _n0
999 _c101112
_d101112